01387 a2200229 45000010006000000050017000060080041000230030015000640400040000790800048001192450087001670200018002542640033002723000019003055050638003240410008009621000023009707000023009937000024010167000022010408560095010624119720260407155706.0260407a2001 arg spa dAR-UNSa-BCEJYS aAR-UNSa-BCEJYSbspacAR-UNSa-BCEJYS a347.7xDerecho Mercantil. Derecho Comercial10aOrientaciones en el derecho comercial ; El régimen penal en el derecho comercial a950-894-300-9 1aBuenos Aires :bAD-HOCc2001 a143 p.c23 cm. aLibro Orientaciones en el derecho comercial: 1. Régimen societario argentino. Peculiaridades. Regímenes especiales - 2. La evolución del derecho en el espacio y el tiempo - 3. El concepto de sociedad en el derecho argentino - 4. Los procedimientos concursales en Italia en el umbral del 2000 -- Libro El régimen penal en el derecho comercial: 1. Responsabilidad penal de las personas jurñidicas - 2. Derecho comercial, derecho comunitario y derecho penal - 3. El derecho penal societario - 4. Los aspectos represivos en el derecho de la insolvencia - 5. Los delitos informáticos y su impacto en el nuevo derecho comercial aspa1 aGalgano, Francesco1 aBonsignori, Angelo1 aFargosi, Horacio P.1 aOtaegui, Julio C.41uhttps://biblioeco.unsa.edu.ar/pmb/images/libros/L126431.jpgyImagen de portadaqimage/jpeg